Țările care încep cu litera P - Statistics

General Stats
  • This quiz has been taken 31 times
  • The average score is 6 of 8
Answer Stats
Ţară % Correct
Polonia
100%
Pakistan
85%
Peru
85%
Portugalia
85%
Paraguay
77%
Panama
62%
Palau
46%
Papua Noua Guinee
23%
No matching quizzes found
Score Distribution
Percent of People with Each Score
Percentile by Number Answered
Your Score History
You have not taken this quiz